Statistics for Women in History A-Z

Click here to take the quiz!

General Stats

  • This quiz has been taken 419 times
  • The average score is 5 of 26

Answer Stats

LetterHintAnswer% Correct
JFrench heroine of the Hundred Years' WarJeanne d'Arc
95%
FBritish nurse in the Crimean War, 'Lady with the Lamp'Florence Nightingale
83%
NQueen in 18th dynasty Egypt, possibly herself a PharaohNefertiti
70%
GIsraeli prime minister, signatory of the declaration of independenceGolda Meir
59%
YRussian empress, couped husband, expanded bordersYekaterina II
27%
RMarxist, killed in the Spartacist uprising of 1919Rosa Luxembourg
24%
SNorwegian figure skater, holder of the most titles among womenSonja Henie
19%
MFounder of the Kalmar UnionMargrete
12%
ZQueen of Palmyra, fought against Rome, conquered EgyptZenobia of Palmyra
10%
WZhou dynasty rulerWu Zetian
7%
A10th century ruler of Mercia, only female-to-female succession in Britain until the TudorsAethelflaed
6%
DSpanish Republican, famous for the slogan ¡No Pasarán!Dolores Ibárruri Gómez
6%
IAmerican journalist, influenced Standard Oil break-downIda Tarbell
6%
UQueen of 12th century LeónUrraca
6%
BItalian queen consort of Poland-Lithuania, her acquisition of land was a complaint in the Chicken WarBona Sforza
5%
OFrench playwright and pamphleteer, 'Three Urns'Olympe de Gouges
5%
CChinese pirate in the period of the Qing dynastyChing Shih
3%
HRoman orator, argued for a reduction in tax on wealthy womenHortensia
3%
PAncient Greek courtesan put on trial, possibly disrobedPhryne
3%
TVietnamese sisters led rebellion against Han ChineseTrưng Trắc
3%
EEarliest known poet whose name is recordedEnheduanna
2%
KSumerian queen listed in the Sumerian King ListKubaba
2%
LRenaissance Italy: first woman with science doctorate, salaried female lecturerLaura Bassi
2%
QPhrygian prophet in the Montanist movement. Shares a name with a poetic formQuintilla
2%
VNarodnaya Volya, co-planned assassination of Alexander IIVera Figner
2%
XNun 'Martha', mother of Mikhail, first Romanov tsarXenia Shestova
2%

Score Distribution

Percentile by Number Answered

Percent of People with Each Score

Your Score History

You have not taken this quiz